Statistiques concernant Personnages sur distributeur PEZ - 3

Cliquez ici pour prendre le quiz!

Statistiques générales

  • Ce quiz a été pris 53 fois
  • Le résultat moyen est 11 sur 20

Statistiques - réponses

Réponse% Correct
Buzz l'Éclair
98%
Olaf
98%
Père Noël
98%
Yoda
92%
Daffy Duck
85%
Peppa Pig
85%
Ben Tennyson
81%
Monkey D. Luffy
81%
Vaiana
79%
Taz
75%
Optimus Prime
52%
Diego
48%
Peggy
44%
Johnny
19%
Gene Simmons
8%
Gluglu
6%
Prince William
6%
Keroro
2%
Pompon
2%
Arishem
0%

Distribution des résultats

Percentile par nombre de réponses

% des personnes avec chaque résultat

Votre développement - résultats

Vous n’avez pas pris ce quiz